
Library Catalogue

| 000 -LEADER | |
|---|---|
| fixed length control field | 01885cam a2200385 a 4500 |
| 001 - CONTROL NUMBER | |
| control field | 17128429 |
| 003 - CONTROL NUMBER IDENTIFIER | |
| control field | OSt |
| 005 - DATE AND TIME OF LATEST TRANSACTION | |
| control field | 20220323161316.0 |
| 008 - FIXED-LENGTH DATA ELEMENTS--GENERAL INFORMATION | |
| fixed length control field | 120120s2012 nyub b 001 0 eng |
| 010 ## - LIBRARY OF CONGRESS CONTROL NUMBER | |
| LC control number | 2012000798 |
| 020 ## - INTERNATIONAL STANDARD BOOK NUMBER | |
| International Standard Book Number | 9781107010376 |
| 020 ## - INTERNATIONAL STANDARD BOOK NUMBER | |
| International Standard Book Number | 9781107038196 |
| 040 ## - CATALOGING SOURCE | |
| Original cataloging agency | DLC |
| Transcribing agency | DLC |
| Modifying agency | DLC |
| 042 ## - AUTHENTICATION CODE | |
| Authentication code | pcc |
| 043 ## - GEOGRAPHIC AREA CODE | |
| Geographic area code | a-ii--- |
| -- | e-uk--- |
| 050 00 - LIBRARY OF CONGRESS CALL NUMBER | |
| Classification number | HQ1742 |
| Item number | .S7888 2012 |
| 082 00 - DEWEY DECIMAL CLASSIFICATION NUMBER | |
| Classification number | 954 STU |
| Edition number | 23 |
| 100 1# - MAIN ENTRY--PERSONAL NAME | |
| Personal name | Sturman, Rachel Lara, |
| Dates associated with a name | 1969- |
| 245 14 - TITLE STATEMENT | |
| Title | The Government of Social Life in Colonial India : |
| Remainder of title | Liberalism, Religious law, and Women's Rights |
| Statement of responsibility, etc. | Rachel Sturman. |
| 260 ## - PUBLICATION, DISTRIBUTION, ETC. | |
| Place of publication, distribution, etc. | New York, NY : |
| Name of publisher, distributor, etc. | Cambridge University Press, |
| Date of publication, distribution, etc. | 2012. |
| 300 ## - PHYSICAL DESCRIPTION | |
| Extent | xviii, 289 p. : |
| Other physical details | map ; |
| Dimensions | 24 cm |
| 365 ## - TRADE PRICE | |
| Price amount | 1095 |
| 490 0# - SERIES STATEMENT | |
| Series statement | Cambridge studies in Indian history and society |
| 505 0# - FORMATTED CONTENTS NOTE | |
| Formatted contents note | Acknowledgements;<br/>Abbreviations;<br/>Map of the Bombay presidency and British India;<br/>Introduction;<br/>Economic governance;<br/>Property between law and political economy;<br/>The dilemmas of social economy;<br/>The politics of personal law;<br/>Hindu law as a regime of rights;<br/>Custom and human value in the debates on Hindu marriage;<br/>Law, community and belonging;<br/>Conclusion;<br/>Select bibliography;<br/>Index. |
| 650 #0 - SUBJECT ADDED ENTRY--TOPICAL TERM | |
| Topical term or geographic name entry element | Women's rights |
| Geographic subdivision | India |
| General subdivision | History. |
| 650 #0 - SUBJECT ADDED ENTRY--TOPICAL TERM | |
| Topical term or geographic name entry element | Religious law |
| Geographic subdivision | India |
| General subdivision | History. |
| 651 #0 - SUBJECT ADDED ENTRY--GEOGRAPHIC NAME | |
| Geographic name | India |
| General subdivision | Social conditions . |
| 651 #0 - SUBJECT ADDED ENTRY--GEOGRAPHIC NAME | |
| Geographic name | Great Britain |
| General subdivision | Colonies. |
| 856 42 - ELECTRONIC LOCATION AND ACCESS | |
| Materials specified | Contributor biographical information |
| Uniform Resource Identifier | <a href="http://www.loc.gov/catdir/enhancements/fy1206/2012000798-b.html">http://www.loc.gov/catdir/enhancements/fy1206/2012000798-b.html</a> |
| 856 42 - ELECTRONIC LOCATION AND ACCESS | |
| Materials specified | Publisher description |
| Uniform Resource Identifier | <a href="http://www.loc.gov/catdir/enhancements/fy1206/2012000798-d.html">http://www.loc.gov/catdir/enhancements/fy1206/2012000798-d.html</a> |
| 856 41 - ELECTRONIC LOCATION AND ACCESS | |
| Materials specified | Table of contents only |
| Uniform Resource Identifier | <a href="http://www.loc.gov/catdir/enhancements/fy1206/2012000798-t.html">http://www.loc.gov/catdir/enhancements/fy1206/2012000798-t.html</a> |
| 906 ## - LOCAL DATA ELEMENT F, LDF (RLIN) | |
| a | 7 |
| b | cbc |
| c | orignew |
| d | 1 |
| e | ecip |
| f | 20 |
| g | y-gencatlg |
| 942 ## - ADDED ENTRY ELEMENTS (KOHA) | |
| Source of classification or shelving scheme | Dewey Decimal Classification |
| Koha item type | BOOKs |
| Withdrawn status | Lost status | Source of classification or shelving scheme | Materials specified (bound volume or other part) | Damaged status | Not for loan | Home library | Current library | Shelving location | Date acquired | Source of acquisition | Cost, normal purchase price | Total Checkouts | Full call number | Barcode | Date last seen | Date last checked out | Price effective from | Koha item type |
|---|---|---|---|---|---|---|---|---|---|---|---|---|---|---|---|---|---|---|
| Dewey Decimal Classification | HB | NLS | NLS | General Stacks | 23/03/2022 | Purchased | 1095.00 | 3 | 954 STU | 38644 | 04/03/2025 | 29/01/2025 | 23/03/2022 | BOOKs |